000 01129nam a22002411a 4500
999 _c19164
_d19164
001 19164
003 OSt
005 20260204212440.0
008 190326s2019||||dr ||||||b||||||||||spa||
090 _aBIO 2019 A55
100 1 _aAlmonte Peña, Ana Meidys
_esustentante
245 1 _aPerfil Hepático en pacientes de consultas externa del Hospital Dr. Sigfredo Alba/Ana Meidys Almonte Peña, Valerin Genao Acosta, Leocadia del Carmen Fabián V. ; asesor Altagracia Josefina Suárez Galán.
260 _aCotuí, República Dominicana :
_bUTECO,
_c2019
300 _aXV,70 páginas
502 _aTrabajo de grado (Licenciatura en Bioanálisis )--Universidad Tecnológica del Cibao Oriental, 2019.
504 _aincluye referencia bibliográfica e índice
650 4 _aPerfil Hepático en pacientes de consultas externa del Hospital
700 1 _aAcosta, Valerin Genao
_esustentante
700 1 _aFabián V, Leocadia del Carmen
_esustentante
700 1 _aSuárez Galán, Altagracia Josefina
_easesor
830 _aTesis y disertaciones académicas (Universidad Tecnológica del Cibao Oriental)
942 _2LC
_cTH